| 000 | 00872nam a2200265Ia 4500 | ||
|---|---|---|---|
| 005 | 20251020182457.0 | ||
| 008 | 200515s9999 xx 000 0 und d | ||
| 082 | _a624.131/J81/t.3 | ||
| 100 | _aJuarez Badillo, Eualio | ||
| 100 | _aRico Rodríguez, Alfonso | ||
| 245 | 0 | _aMecánica de suelos : Flujo de Agua en Suelos. Tomo III | |
| 250 | _a1a ed. | ||
| 260 | _aMéxico, D.F. | ||
| 260 | _bLIMUSA | ||
| 260 | _c1974 | ||
| 300 | _a414 p. | ||
| 300 | _bil., tbl., graf. | ||
| 500 | _a1 ejemplar. Tomo III. | ||
| 520 | _aContiene un estudio dedicado al flujo de las aguas y a su influencia en los problemas de resistencia y comportamiento en general de los suelos Trata de la teoría de las redes de flujo de agua a través de presas de tierra. | ||
| 650 | _aESTUDIO DE SUELOS | ||
| 650 | _aPRESAS | ||
| 650 | _aSUELOS | ||
| 942 | _cLIB | ||
| 999 |
_c1049 _d1049 |
||